000 00511nam a2200205 a 4500
001 0001-1518
003 ELIB.Books
008 170519 2010 eng
020 _a3761805004
092 _a783.9
_bWcc
100 _aWorld Council of Churches
245 _aCantate Domino
260 _aLondon
_bBarenreiter
_c1974
300 _a379
_c17.9 cm
650 _aMusic
942 _2ddc
_cBK
990 _a1
998 _aEnglishbooks.elf
_ccat
_e2017-05-19
_mcat
_u2018-11-15
999 _c11518
_d11518